[Event "Mittelfranken-chTB2a 1920"]
[Site "Mittelfranken"]
[Date "2020.02.16"]
[Round "6.1"]
[White "Basting, Steffen"]
[Black "Hoermann, Gunther"]
[Result "1-0"]
[WhiteElo "2015"]
[BlackElo "2041"]
[PlyCount "81"]
[EventDate "2019.10.13"]
[EventType "team-tourn"]
[EventRounds "9"]
[EventCountry "GER"]
[SourceTitle "EXT 2023"]
[Source "ChessBase"]
[SourceDate "2022.10.05"]
[SourceVersion "1"]
[SourceVersionDate "2022.10.05"]
[SourceQuality "1"]
[WhiteTeam "Fuerth SF"]
[BlackTeam "Cadolzburg"]
[WhiteTeamCountry "GER"]
[BlackTeamCountry "GER"]

1. e4 c5 2. Nc3 a6 3. Nge2 b5 4. g3 b4 5. Na4 Qa5 6. c3 Bb7 7. Bg2 Nf6 8. d3 Bc6 9. b3 Bxa4 10. bxa4 e5 11. cxb4 Qxb4+ 12. Bd2 Qb6 13. Rb1 Qa7 14. Ba5 d6 15. d4 Nbd7 16. dxe5 dxe5 17. 0-0 Be7 18. Nc3 Rb8 19. Qe2 0-0 20. Rfd1 Rxb1 21. Rxb1 Bd8 22. Bxd8 Rxd8 23. Rd1 Rb8 24. Bf1 Rb6 25. Qd3 h5 26. Nd5 c4 27. Ne7+ Kh7 28. Qf3 Re6 29. Qf5+ Kh8 30. Nd5 g6 31. Qf3 Nxd5 32. Rxd5 Nb6 33. Rxe5 Qe7 34. Rxe6 Qxe6 35. Qc3+ Kg8 36. a5 Nd7 37. Qxc4 Qe5 38. Qc8+ Nf8 39. Qxa6 Qxe4 40. Qc8 Kg7 41. a6 1-0

[Event "Mittelfranken-chTB2a 1920"]
[Site "Mittelfranken"]
[Date "2020.02.02"]
[Round "5.1"]
[White "Loellmann, Heinrich"]
[Black "Hoermann, Gunther"]
[Result "0-1"]
[WhiteElo "1894"]
[BlackElo "2041"]
[PlyCount "114"]
[EventDate "2019.10.13"]
[EventType "team-tourn"]
[EventRounds "9"]
[EventCountry "GER"]
[SourceTitle "EXT 2023"]
[Source "ChessBase"]
[SourceDate "2022.10.05"]
[SourceVersion "1"]
[SourceVersionDate "2022.10.05"]
[SourceQuality "1"]
[WhiteTeam "Bubenreuth"]
[BlackTeam "Cadolzburg"]
[WhiteTeamCountry "GER"]
[BlackTeamCountry "GER"]

1. e4 c5 2. Nf3 a6 3. c4 d6 4. d4 cxd4 5. Nxd4 Nf6 6. Nc3 e6 7. Be2 Qc7 8. 0-0 Be7 9. Be3 Nbd7 10. Rc1 b6 11. f3 0-0 12. Qd2 Bb7 13. b3 Rac8 14. Qb2 Qb8 15. Rfd1 Bd8 16. Rd2 Bc7 17. g3 Rfe8 18. Nc2 h6 19. Rcd1 g5 20. Rd4 Kh7 21. Qc1 Rg8 22. Rf1 Bc6 23. Nb4 Bb7 24. Nc2 Rg6 25. Qd1 Rcg8 26. Ne1 Bc6 27. a4 Bb7 28. Rf2 Ne5 29. g4 b5 30. Rd2 Ba5 31. Rc2 bxc4 32. Bxc4 Nxc4 33. bxc4 Rc8 34. Na2 Qc7 35. Nd3 Bc6 36. Nb2 Qd7 37. Rc1 Qc7 38. Rfc2 Nd7 39. Kg2 Rb8 40. Qd3 Ne5 41. Qa3 Rgg8 42. Nd3 f5 43. Nxe5 dxe5 44. Kh3 fxe4 45. fxe4 Bxe4 46. Rf2 h5 47. gxh5 Bf5+ 48. Kg3 Qf7 49. Kg2 Qxh5 50. Bc5 Rbd8 51. Qe3 Rd3 52. Qxe5 Bd2 53. Ra1 Bf4 54. Rxf4 gxf4+ 55. Kf1 Qf3+ 56. Ke1 Re3+ 57. Bxe3 fxe3 0-1

[Event "Mittelfranken-chTB2a 1920"]
[Site "Mittelfranken"]
[Date "2020.01.12"]
[Round "4.1"]
[White "Hoermann, Gunther"]
[Black "Killmann, Martin"]
[Result "0-1"]
[WhiteElo "2041"]
[BlackElo "2096"]
[PlyCount "48"]
[EventDate "2019.10.13"]
[EventType "team-tourn"]
[EventRounds "9"]
[EventCountry "GER"]
[SourceTitle "EXT 2023"]
[Source "ChessBase"]
[SourceDate "2022.10.05"]
[SourceVersion "1"]
[SourceVersionDate "2022.10.05"]
[SourceQuality "1"]
[WhiteTeam "Cadolzburg"]
[BlackTeam "Nuernberg Jaeklechemie"]
[WhiteTeamCountry "GER"]
[BlackTeamCountry "GER"]

1. d4 d5 2. Bf4 Nf6 3. e3 c5 4. c3 Nc6 5. Nd2 e6 6. Ngf3 Bd6 7. Bg3 0-0 8. Bd3 cxd4 9. exd4 Qc7 10. Ne5 Nxe5 11. dxe5 Bxe5 12. Nf3 Bd6 13. Qe2 e5 14. Bc2 Bg4 15. h3 Bh5 16. Qd2 Ne4 17. Qxd5 Nxc3 18. Qb3 e4 19. Bxd6 Qxd6 20. Nh2 Qa6 21. Kd2 e3+ 22. Kxc3 Rac8+ 23. Kb4 Be2 24. Qxe3 Rc4+ 0-1

[Event "Mittelfranken-chTB2a 1819"]
[Site "Mittelfranken"]
[Date "2019.03.17"]
[Round "7.2"]
[White "Handl, Johannes"]
[Black "Hoermann, Gunther"]
[Result "1-0"]
[WhiteElo "1844"]
[BlackElo "2025"]
[PlyCount "95"]
[EventDate "2018.10.14"]
[EventType "team-tourn"]
[EventRounds "9"]
[EventCountry "GER"]
[SourceTitle "EXT 2022"]
[Source "ChessBase"]
[SourceDate "2021.10.06"]
[SourceVersion "1"]
[SourceVersionDate "2021.10.06"]
[SourceQuality "1"]
[WhiteTeam "Bubenreuth"]
[BlackTeam "Cadolzburg"]
[WhiteTeamCountry "GER"]
[BlackTeamCountry "GER"]

1. e4 c5 2. Nf3 a6 3. d4 cxd4 4. Nxd4 Nf6 5. Nc3 e5 6. Nb3 Bb4 7. Bd3 d5 8. exd5 e4 9. Be2 Nxd5 10. 0-0 Nxc3 11. bxc3 Qxd1 12. Rxd1 Bxc3 13. Rb1 0-0 14. Nc5 Be5 15. Nxe4 Nc6 16. Nd6 Nd4 17. Bc4 b5 18. Nxc8 Raxc8 19. Bd3 Nxc2 20. a4 bxa4 21. Bxa6 a3 22. Bxa3 Nxa3 23. Rb3 Rc3 24. Rxc3 Bxc3 25. g3 Nc2 26. Rc1 Nb4 27. Bb5 Bf6 28. Rc7 Nd5 29. Rb7 Nc3 30. Bc4 Ne4 31. Kg2 Nd6 32. Rc7 Re8 33. Bd3 Rc8 34. Rxc8+ Nxc8 35. g4 Be5 36. h3 g6 37. f3 Kg7 38. Be4 Kf6 39. Bd5 Nd6 40. Ba2 Kg5 41. Bd5 h6 42. Ba2 f6 43. Bd5 Nb5 44. Bc4 Nd4 45. Bd3 Ne6 46. Bc4 Nf4+ 47. Kg3 Bd6 48. h4# 1-0

[Event "Mittelfranken-chTB2a 1819"]
[Site "Mittelfranken"]
[Date "2019.02.10"]
[Round "5.1"]
[White "Hoermann, Gunther"]
[Black "Kociurzynski, Andre"]
[Result "1-0"]
[WhiteElo "2025"]
[BlackElo "2022"]
[PlyCount "61"]
[EventDate "2018.10.14"]
[EventType "team-tourn"]
[EventRounds "9"]
[EventCountry "GER"]
[SourceTitle "EXT 2022"]
[Source "ChessBase"]
[SourceDate "2021.10.06"]
[SourceVersion "1"]
[SourceVersionDate "2021.10.06"]
[SourceQuality "1"]
[WhiteTeam "Cadolzburg"]
[BlackTeam "Fuerth SF"]
[WhiteTeamCountry "GER"]
[BlackTeamCountry "GER"]

1. e4 c5 2. c3 d5 3. exd5 Qxd5 4. d4 Nf6 5. Nf3 Bg4 6. Be2 e6 7. h3 Bh5 8. 0-0 Be7 9. c4 Qd8 10. Qb3 Qc8 11. Bg5 0-0 12. d5 h6 13. Bf4 Ne8 14. Nc3 Bd6 15. Bxd6 Nxd6 16. Rad1 Re8 17. g4 exd5 18. Rxd5 Bxg4 19. hxg4 Qxg4+ 20. Kh1 Nc6 21. Rxd6 Nd4 22. Nh2 Qf4 23. Rxd4 cxd4 24. Nd5 Qd2 25. Bf3 Re1 26. Rxe1 Qxe1+ 27. Kg2 Re8 28. Qd3 Re5 29. Nf1 h5 30. Qxd4 Rg5+ 31. Ng3 1-0

[Event "Mittelfranken-chTB2a 1819"]
[Site "Mittelfranken"]
[Date "2018.12.02"]
[Round "3.1"]
[White "Ries, Florian"]
[Black "Hoermann, Gunther"]
[Result "1/2-1/2"]
[WhiteElo "2025"]
[BlackElo "2025"]
[PlyCount "48"]
[EventDate "2018.10.14"]
[EventType "team-tourn"]
[EventRounds "9"]
[EventCountry "GER"]
[SourceTitle "EXT 2022"]
[Source "ChessBase"]
[SourceDate "2021.10.06"]
[SourceVersion "1"]
[SourceVersionDate "2021.10.06"]
[SourceQuality "1"]
[WhiteTeam "Dinkelsbuehl"]
[BlackTeam "Cadolzburg"]
[WhiteTeamCountry "GER"]
[BlackTeamCountry "GER"]

1. e4 c5 2. Nf3 a6 3. c3 d5 4. exd5 Qxd5 5. d4 Bg4 6. Be2 e6 7. 0-0 Nf6 8. h3 Bh5 9. Be3 cxd4 10. cxd4 Nc6 11. Nc3 Qd6 12. Rc1 Be7 13. Qd2 0-0 14. Rfd1 Rfd8 15. Na4 Nd7 16. d5 exd5 17. Qxd5 Qxd5 18. Rxd5 Nde5 19. Rxd8+ Rxd8 20. g4 Bg6 21. Nxe5 Nxe5 22. Nc5 Bxc5 23. Rxc5 f6 24. Rc7 Be4 1/2-1/2

[Event "Mittelfranken-chTB2a 1718"]
[Site "Mittelfranken"]
[Date "2018.04.08"]
[Round "7.2"]
[White "Thuerauf, Peter"]
[Black "Hoermann, Gunther"]
[Result "0-1"]
[WhiteElo "1828"]
[BlackElo "2085"]
[PlyCount "102"]
[EventDate "2017.10.08"]
[EventType "team-tourn"]
[EventRounds "9"]
[EventCountry "GER"]
[SourceTitle "EXT 2022"]
[Source "ChessBase"]
[SourceDate "2021.10.06"]
[SourceVersion "1"]
[SourceVersionDate "2021.10.06"]
[SourceQuality "1"]
[WhiteTeam "Nuernberg Sued SW IV"]
[BlackTeam "Cadolzburg"]
[WhiteTeamCountry "GER"]
[BlackTeamCountry "GER"]

1. d4 Nf6 2. Nf3 b6 3. c4 e6 4. a3 Bb7 5. Nc3 Ne4 6. d5 Nxc3 7. bxc3 Be7 8. e4 0-0 9. Bd3 Na6 10. Be3 Nc5 11. Bc2 Ba6 12. Nd2 f5 13. e5 exd5 14. cxd5 Nd3+ 15. Bxd3 Bxd3 16. Qb3 d6 17. c4 f4 18. Qxd3 fxe3 19. Qxe3 Bg5 20. Qe2 Bxd2+ 21. Qxd2 Qh4 22. 0-0 dxe5 23. Qc3 Rf5 24. Rae1 Raf8 25. Re2 Rh5 26. h3 Rhf5 27. Rxe5 Rxf2 28. Rfe1 h6 29. Re8 Rf1+ 30. Rxf1 Rxe8 31. Qf3 Qe7 32. Qf2 Qe3 33. g3 Re4 34. Qxe3 Rxe3 35. Kf2 Rxa3 36. Re1 Rc3 37. Re8+ Kf7 38. Rc8 Rxc4 39. d6 Ke6 40. dxc7 Kd6 41. Rd8+ Kxc7 42. Rg8 Rc6 43. Rxg7+ Kb8 44. h4 a5 45. h5 a4 46. Rg6 Kb7 47. Ke2 a3 48. Rg7+ Ka6 49. Rg8 Kb5 50. Kd3 Kb4 51. Rg4+ Kb3 0-1

[Event "Mittelfranken-chTB2a 1718"]
[Site "Mittelfranken"]
[Date "2018.03.04"]
[Round "6.2"]
[White "Hoermann, Gunther"]
[Black "Muenster, Erich"]
[Result "0-1"]
[WhiteElo "2085"]
[BlackElo "1936"]
[PlyCount "110"]
[EventDate "2017.10.08"]
[EventType "team-tourn"]
[EventRounds "9"]
[EventCountry "GER"]
[SourceTitle "EXT 2022"]
[Source "ChessBase"]
[SourceDate "2021.10.06"]
[SourceVersion "1"]
[SourceVersionDate "2021.10.06"]
[SourceQuality "1"]
[WhiteTeam "Cadolzburg"]
[BlackTeam "Heilsbronn"]
[WhiteTeamCountry "GER"]
[BlackTeamCountry "GER"]

1. d4 Nf6 2. c4 g6 3. Nc3 Bg7 4. e4 d6 5. Nf3 0-0 6. h3 e5 7. d5 Na6 8. Be3 Nc5 9. Nd2 a5 10. b3 Nh5 11. g3 Bd7 12. a3 Qe8 13. Be2 b6 14. Bxc5 bxc5 15. Bxh5 gxh5 16. Qxh5 f5 17. Qxe8 Raxe8 18. 0-0-0 Bh6 19. Kc2 fxe4 20. Ndxe4 Rf3 21. Rd3 Ref8 22. Rxf3 Rxf3 23. Rd1 Kg7 24. Rd3 Rf7 25. g4 Bf4 26. Kd1 Kg6 27. Ke2 h5 28. f3 Rh7 29. Kf1 Rh8 30. Ne2 Rf8 31. Kg2 Rf7 32. Kf2 Rf8 33. Rd1 hxg4 34. hxg4 Bh6 35. Rg1 Rb8 36. g5 Bg7 37. Rb1 Bf5 38. N2c3 Bd7 39. Ke3 Kf5 40. a4 Rb4 41. Nd2 Rb8 42. Rg1 Kg6 43. Nb5 e4 44. Kxe4 Bf5+ 45. Kf4 Be5+ 46. Ke3 Rxb5 47. cxb5 Bd4+ 48. Kf4 Bxg1 49. Nc4 Bc2 50. Nxa5 Bf2 51. Nc6 Bxb3 52. a5 c4 53. Ne7+ Kf7 54. Nf5 c3 55. b6 c2 0-1

[Event "Mittelfranken-chTB2a 1617"]
[Site "Mittelfranken"]
[Date "2017.03.05"]
[Round "7.1"]
[White "Kocak, Ediz"]
[Black "Hoermann, Gunther"]
[Result "0-1"]
[WhiteElo "1773"]
[BlackElo "2069"]
[PlyCount "82"]
[EventDate "2016.10.23"]
[EventType "team-tourn"]
[EventRounds "9"]
[EventCountry "GER"]
[SourceTitle "EXT 2022"]
[Source "ChessBase"]
[SourceDate "2021.10.06"]
[SourceVersion "1"]
[SourceVersionDate "2021.10.06"]
[SourceQuality "1"]
[WhiteTeam "Nuernberg Sued SW IV"]
[BlackTeam "Cadolzburg"]
[WhiteTeamCountry "GER"]
[BlackTeamCountry "GER"]

1. b3 e5 2. Bb2 Nc6 3. e3 d5 4. Bb5 f6 5. Nf3 Nge7 6. d4 e4 7. Nfd2 a6 8. Be2 b5 9. c4 bxc4 10. bxc4 Rb8 11. Ba3 f5 12. Nc3 dxc4 13. Bxc4 Bd7 14. f3 Na5 15. fxe4 Nxc4 16. Nxc4 Ng6 17. Bxf8 Rxf8 18. e5 Qh4+ 19. g3 Qh3 20. Qe2 f4 21. Qf1 Rb4 22. Qxh3 Bxh3 23. Na3 fxe3 24. 0-0-0 Rf2 25. Rde1 Rxd4 26. Rxe3 Rdd2 27. Ne4 Rxh2 28. Nxd2 Rxh1+ 29. Kc2 Be6 30. Nac4 Ke7 31. Ra3 Rh3 32. Kd1 h5 33. Rxa6 Rxg3 34. Ra7 Kd8 35. Ra6 Bxc4 36. Nxc4 h4 37. Nd2 h3 38. Nf1 Rg1 39. Ke2 Nh4 40. Kf2 Rxf1+ 41. Kxf1 h2 0-1

[Event "Mittelfranken-chTB2a 1516"]
[Site "Mittelfranken"]
[Date "2016.04.17"]
[Round "9.1"]
[White "Hoermann, Gunther"]
[Black "Krasnikov, Paul"]
[Result "1-0"]
[WhiteElo "2081"]
[BlackElo "1885"]
[PlyCount "51"]
[EventDate "2015.10.18"]
[EventType "team-tourn"]
[EventRounds "9"]
[EventCountry "GER"]
[SourceTitle "EXT 2020"]
[Source "ChessBase"]
[SourceDate "2019.10.17"]
[SourceVersion "1"]
[SourceVersionDate "2019.10.17"]
[SourceQuality "1"]
[WhiteTeam "Cadolzburg"]
[BlackTeam "Zirndorf II"]
[WhiteTeamCountry "GER"]
[BlackTeamCountry "GER"]

1. d4 Nf6 2. c4 e6 3. Nc3 Bb4 4. Bg5 0-0 5. Rc1 d6 6. e3 Nbd7 7. Nge2 Re8 8. a3 Bxc3+ 9. Nxc3 e5 10. Nd5 h6 11. Bh4 b6 12. Be2 Bb7 13. 0-0 Bxd5 14. cxd5 g5 15. Bg3 a6 16. dxe5 Nxe5 17. f4 Ng6 18. Bh5 Nxh5 19. Qxh5 Kg7 20. fxg5 hxg5 21. Rxf7+ Kxf7 22. Qh7+ Kf6 23. Rf1+ Nf4 24. exf4 Rh8 25. fxg5+ Kxg5 26. Bh4+ 1-0

[Event "Mittelfranken-chTB2a 1516"]
[Site "Mittelfranken"]
[Date "2015.11.08"]
[Round "2.1"]
[White "Hoermann, Gunther"]
[Black "Trockmann, Rafael"]
[Result "1-0"]
[WhiteElo "2081"]
[BlackElo "1835"]
[PlyCount "107"]
[EventDate "2015.10.18"]
[EventType "team-tourn"]
[EventRounds "9"]
[EventCountry "GER"]
[SourceTitle "EXT 2020"]
[Source "ChessBase"]
[SourceDate "2019.10.17"]
[SourceVersion "1"]
[SourceVersionDate "2019.10.17"]
[SourceQuality "1"]
[WhiteTeam "Cadolzburg"]
[BlackTeam "Herzogenaurach III"]
[WhiteTeamCountry "GER"]
[BlackTeamCountry "GER"]

1. c4 Nf6 2. Nc3 c6 3. e4 d6 4. g3 e5 5. Bg2 Be7 6. d4 0-0 7. Nge2 Bg4 8. h3 Be6 9. d5 cxd5 10. cxd5 Bc8 11. Be3 Nbd7 12. 0-0 b6 13. f4 h6 14. Qd2 Nh7 15. Rac1 f6 16. Nb5 Nc5 17. b4 Na6 18. a3 Bd7 19. Qd3 Qb8 20. Rc2 Qb7 21. h4 Rac8 22. Nbc3 Rc7 23. Kh2 Rfc8 24. Bh3 Bxh3 25. Kxh3 Rc4 26. f5 Nb8 27. Rfc1 a6 28. Ng1 b5 29. Nf3 Qd7 30. Nd2 R4c7 31. g4 Bd8 32. Bb6 Rb7 33. Be3 Rbc7 34. Kg3 Kf7 35. Qe2 Kg8 36. Kf3 Qf7 37. Bb6 Rb7 38. Bxd8 Rxd8 39. Nd1 Nf8 40. Nb3 g5 41. Na5 Rbd7 42. h5 Re8 43. Qe3 Rdd8 44. Qb6 Nfd7 45. Qxd6 Qe7 46. Qc7 Rc8 47. Qa7 Rxc2 48. Rxc2 Qd6 49. Rc7 Kf8 50. Ne3 Kg8 51. Nc6 Nxc6 52. dxc6 Nf8 53. Rg7+ Kh8 54. Qf7 1-0

[Event "Pyramiden Franken Cup"]
[Site "Fuerth"]
[Date "2015.09.06"]
[Round "6"]
[White "Hoermann, Gunther"]
[Black "Herlan, Klaus Juergen"]
[Result "1-0"]
[WhiteElo "2092"]
[BlackElo "1961"]
[PlyCount "53"]
[EventDate "2015.09.03"]
[EventType "swiss"]
[EventRounds "7"]
[EventCountry "GER"]
[SourceTitle "EXT 2016"]
[Source "ChessBase"]
[SourceDate "2015.10.08"]
[SourceVersion "1"]
[SourceVersionDate "2015.10.08"]
[SourceQuality "1"]

1. e4 d5 2. exd5 Nf6 3. d4 Nxd5 4. c4 Nb6 5. Nc3 g6 6. Be3 Bg7 7. Qd2 Be6 8. b3 f5 9. Nf3 a5 10. Be2 N8d7 11. Bh6 Bf6 12. Rd1 a4 13. c5 Nd5 14. Nxa4 Bf7 15. Bc4 c6 16. 0-0 b5 17. cxb6 N7xb6 18. Nxb6 Qxb6 19. Rfe1 Qa7 20. Ne5 Bxe5 21. dxe5 0-0-0 22. Qc1 Kb8 23. e6 Be8 24. Bxd5 cxd5 25. Bf4+ Ka8 26. Rxd5 Qb6 27. Qa3+ 1-0

[Event "Pyramiden Franken Cup"]
[Site "Fuerth"]
[Date "2015.09.05"]
[Round "4"]
[White "Hoermann, Gunther"]
[Black "Abicht, Ruediger"]
[Result "1-0"]
[WhiteElo "2092"]
[BlackElo "1811"]
[PlyCount "83"]
[EventDate "2015.09.03"]
[EventType "swiss"]
[EventRounds "7"]
[EventCountry "GER"]
[SourceTitle "EXT 2016"]
[Source "ChessBase"]
[SourceDate "2015.10.08"]
[SourceVersion "1"]
[SourceVersionDate "2015.10.08"]
[SourceQuality "1"]

1. d4 d6 2. Nf3 g6 3. c4 Bg7 4. Nc3 e6 5. g3 Ne7 6. Bg2 0-0 7. 0-0 c6 8. Bf4 Na6 9. Qd2 Nc7 10. Rac1 f6 11. h4 e5 12. Be3 Be6 13. b3 Nf5 14. Rfd1 Nxe3 15. Qxe3 Qe7 16. dxe5 dxe5 17. Rc2 Rfd8 18. Rcd2 Rxd2 19. Rxd2 Bf8 20. Ne4 Ne8 21. Ne1 b6 22. Nc3 Rc8 23. Nd3 Nd6 24. Qf3 Bg7 25. e3 f5 26. c5 bxc5 27. Nxc5 e4 28. Qd1 Bxc3 29. Rxd6 Bd5 30. Rxd5 cxd5 31. Qxd5+ Qf7 32. Ne6 Bf6 33. Bf1 Kh8 34. Bc4 Qe7 35. a4 Rb8 36. a5 Rc8 37. a6 Rb8 38. Kg2 h5 39. Nf4 Kg7 40. Qc6 Rb6 41. Qa8 Kh6 42. Nd5 1-0

[Event "Pyramiden Franken Cup"]
[Site "Fuerth"]
[Date "2015.09.05"]
[Round "5"]
[White "Schober, Ralf"]
[Black "Hoermann, Gunther"]
[Result "1-0"]
[WhiteElo "2019"]
[BlackElo "2092"]
[PlyCount "115"]
[EventDate "2015.09.03"]
[EventType "swiss"]
[EventRounds "7"]
[EventCountry "GER"]
[SourceTitle "EXT 2016"]
[Source "ChessBase"]
[SourceDate "2015.10.08"]
[SourceVersion "1"]
[SourceVersionDate "2015.10.08"]
[SourceQuality "1"]

1. d4 Nf6 2. Nf3 b6 3. c4 e6 4. a3 Bb7 5. Nc3 Ne4 6. Nxe4 Bxe4 7. Nd2 Bb7 8. e4 d6 9. Bd3 e5 10. d5 Nd7 11. b4 Be7 12. 0-0 0-0 13. Nb3 Bg5 14. Qg4 Bxc1 15. Rfxc1 c5 16. b5 g6 17. Nd2 Bc8 18. Nf1 Nf6 19. Qh4 Kg7 20. f3 Nh5 21. Qxd8 Rxd8 22. g3 Bd7 23. Ne3 Rf8 24. Kg2 f5 25. a4 a5 26. Bc2 Rf7 27. Rf1 Raf8 28. Rae1 f4 29. Nd1 fxg3 30. hxg3 g5 31. Ne3 Nf6 32. Rf2 h5 33. Rh1 Rh8 34. Rff1 Kf8 35. Bd3 Ke7 36. Bc2 Rg7 37. Bd3 g4 38. f4 h4 39. fxe5 h3+ 40. Kh2 dxe5 41. Rf2 Nh7 42. Nf5+ Bxf5 43. Rxf5 Rg5 44. Rhf1 Rf8 45. d6+ Kxd6 46. Rxf8 Nxf8 47. Rxf8 Rg6 48. Be2 Ke7 49. Rc8 Rd6 50. Bxg4 Rd4 51. Rc7+ Kf6 52. Rc6+ Kg5 53. Bf5 Rxc4 54. Kxh3 Rc3 55. Rxb6 Kh5 56. Rc6 Ra3 57. b6 Rxa4 58. Rxc5 1-0

[Event "Pyramiden Franken Cup"]
[Site "Fuerth"]
[Date "2015.09.04"]
[Round "3"]
[White "Mehringer, Joerg"]
[Black "Hoermann, Gunther"]
[Result "1-0"]
[WhiteElo "1945"]
[BlackElo "2092"]
[PlyCount "81"]
[EventDate "2015.09.03"]
[EventType "swiss"]
[EventRounds "7"]
[EventCountry "GER"]
[SourceTitle "EXT 2016"]
[Source "ChessBase"]
[SourceDate "2015.10.08"]
[SourceVersion "1"]
[SourceVersionDate "2015.10.08"]
[SourceQuality "1"]

1. e4 c5 2. g3 Nc6 3. Bg2 g6 4. Ne2 Bg7 5. 0-0 e6 6. c3 Nge7 7. d4 cxd4 8. cxd4 d5 9. e5 b5 10. g4 h5 11. Ng3 h4 12. Ne2 f6 13. f4 Qb6 14. Kh1 Ba6 15. Nbc3 0-0 16. a3 b4 17. axb4 Bxe2 18. Nxe2 Qxb4 19. Ra3 g5 20. exf6 Bxf6 21. fxg5 Bxd4 22. Ra4 Rxf1+ 23. Bxf1 Qxa4 24. Qxa4 Rf8 25. Bg2 Bb6 26. Nf4 Ne5 27. h3 N7c6 28. Qc2 Nd4 29. Qd1 Re8 30. Be3 Nec6 31. Bxd4 Nxd4 32. Qd3 Rc8 33. Qg6+ Kf8 34. Qf6+ Ke8 35. g6 Rc1+ 36. Kh2 Rc2 37. Qf7+ Kd8 38. Nxe6+ Nxe6 39. Qxe6 Bc7+ 40. Kg1 Bb6+ 41. Kf1 1-0

[Event "Mittelfranken-chTB2a 1415"]
[Site "Mittelfranken"]
[Date "2015.03.08"]
[Round "7.1"]
[White "Hoermann, Gunther"]
[Black "Engelmann, Wolfgang"]
[Result "0-1"]
[WhiteElo "2081"]
[BlackElo "2075"]
[PlyCount "146"]
[EventDate "2014.09.28"]
[EventType "team-tourn"]
[EventRounds "9"]
[EventCountry "GER"]
[SourceTitle "EXT 2020"]
[Source "ChessBase"]
[SourceDate "2019.10.17"]
[SourceVersion "1"]
[SourceVersionDate "2019.10.17"]
[SourceQuality "1"]
[WhiteTeam "Cadolzburg"]
[BlackTeam "Rothenburg"]
[WhiteTeamCountry "GER"]
[BlackTeamCountry "GER"]

1. e4 c5 2. Nf3 Nc6 3. Bb5 g6 4. 0-0 Bg7 5. Re1 Nf6 6. c3 a6 7. Bf1 0-0 8. e5 Ng4 9. d4 d6 10. h3 Nh6 11. Bg5 f6 12. exf6 exf6 13. Bf4 Nf7 14. Nbd2 cxd4 15. cxd4 f5 16. Qb3 d5 17. Rad1 g5 18. Be5 Nfxe5 19. dxe5 g4 20. hxg4 fxg4 21. Ne4 gxf3 22. Rxd5 Be6 23. Rxd8 Bxb3 24. Rxa8 Rxa8 25. axb3 Bxe5 26. Nc5 Bxb2 27. Bc4+ Kg7 28. Nxb7 fxg2 29. Nc5 a5 30. Kxg2 Ne5 31. Bd5 Rc8 32. Ne6+ Kf6 33. Re2 Ba3 34. f4 Ng6 35. Kf3 Ne7 36. Bc4 a4 37. Rh2 axb3 38. Rh6+ Ng6 39. Bxb3 Rc3+ 40. Ke4 Rxb3 41. Rxh7 Rb4+ 42. Nd4 Bb2 43. Rd7 Nf8 44. Rd5 Ne6 45. Rd6 Rxd4+ 46. Rxd4 Nxd4 47. f5 Nxf5 48. Kd5 Bc1 49. Ke4 Ke6 50. Kd3 Kd5 51. Ke2 Bf4 52. Kd3 Be5 53. Kd2 Ke4 54. Ke2 Bf4 55. Kf2 Be3+ 56. Kg2 Kf4 57. Kh3 Kf3 58. Kh2 Ng3 59. Kh3 Bg1 60. Kh4 Ne4 61. Kh3 Ng5+ 62. Kh4 Kf4 63. Kh5 Kf5 64. Kh4 Bf2+ 65. Kh5 Ne6 66. Kh6 Be1 67. Kh5 Ng7+ 68. Kh6 Kf6 69. Kh7 Kf7 70. Kh6 Bd2+ 71. Kh7 Ne6 72. Kh8 Bg5 73. Kh7 Nf8+ 0-1

[Event "Mittelfranken-chTB2a 1415"]
[Site "Mittelfranken"]
[Date "2014.11.16"]
[Round "3.1"]
[White "Rummel, Gerald"]
[Black "Hoermann, Gunther"]
[Result "0-1"]
[WhiteElo "1786"]
[BlackElo "2081"]
[PlyCount "48"]
[EventDate "2014.09.28"]
[EventType "team-tourn"]
[EventRounds "9"]
[EventCountry "GER"]
[SourceTitle "EXT 2020"]
[Source "ChessBase"]
[SourceDate "2019.10.17"]
[SourceVersion "1"]
[SourceVersionDate "2019.10.17"]
[SourceQuality "1"]
[WhiteTeam "Anderssen/78 Nuernberg"]
[BlackTeam "Cadolzburg"]
[WhiteTeamCountry "GER"]
[BlackTeamCountry "GER"]

1. d4 Nf6 2. c4 e6 3. Nc3 Bb4 4. e3 0-0 5. Bd3 d5 6. Nge2 b6 7. a3 dxc4 8. Bxc4 Bd6 9. e4 e5 10. Bg5 Nbd7 11. f4 exd4 12. Nxd4 h6 13. Bxf6 Qxf6 14. e5 Nxe5 15. fxe5 Bxe5 16. Nde2 Qh4+ 17. g3 Qxc4 18. Rc1 Bg4 19. h3 Bxg3+ 20. Kf1 Bh5 21. Rg1 Rad8 22. Rxg3 Rxd1+ 23. Rxd1 Re8 24. Rd4 Bxe2+ 0-1

[Event "Mittelfranken-chTB2a 1415"]
[Site "Mittelfranken"]
[Date "2014.09.28"]
[Round "1.1"]
[White "Planner, Joerg"]
[Black "Hoermann, Gunther"]
[Result "0-1"]
[WhiteElo "1941"]
[BlackElo "2081"]
[PlyCount "42"]
[EventDate "2014.09.28"]
[EventType "team-tourn"]
[EventRounds "9"]
[EventCountry "GER"]
[SourceTitle "EXT 2020"]
[Source "ChessBase"]
[SourceDate "2019.10.17"]
[SourceVersion "1"]
[SourceVersionDate "2019.10.17"]
[SourceQuality "1"]
[WhiteTeam "Heilsbronn"]
[BlackTeam "Cadolzburg"]
[WhiteTeamCountry "GER"]
[BlackTeamCountry "GER"]

1. e4 c5 2. b3 Nf6 3. Nc3 d5 4. Bd3 dxe4 5. Bxe4 Nxe4 6. Nxe4 Qd5 7. Qe2 Nc6 8. Nf3 Bg4 9. c4 Qh5 10. Nd6+ Kd7 11. Ne4 Nd4 12. Qd3 Bxf3 13. gxf3 Kc7 14. Ng3 Qxf3 15. Qxf3 Nxf3+ 16. Ke2 Nd4+ 17. Kd3 Rd8 18. Ke4 g6 19. Nf1 Bh6 20. Ne3 f5+ 21. Ke5 Nc6+ 0-1

[Event "Mittelfranken-chTB2a 1314"]
[Site "Mittelfranken"]
[Date "2014.03.30"]
[Round "8.1"]
[White "Koschka, Guenther"]
[Black "Hoermann, Gunther"]
[Result "0-1"]
[WhiteElo "1817"]
[BlackElo "2081"]
[PlyCount "52"]
[EventDate "2013.10.20"]
[EventType "team-tourn"]
[EventRounds "9"]
[EventCountry "GER"]
[SourceTitle "EXT 2020"]
[Source "ChessBase"]
[SourceDate "2019.10.17"]
[SourceVersion "1"]
[SourceVersionDate "2019.10.17"]
[SourceQuality "1"]
[WhiteTeam "Fuerth SF II"]
[BlackTeam "Cadolzburg"]
[WhiteTeamCountry "GER"]
[BlackTeamCountry "GER"]

1. e4 c5 2. Nf3 a6 3. d4 cxd4 4. Nxd4 Nf6 5. Bd3 e5 6. Nb3 Be7 7. c4 0-0 8. 0-0 b5 9. Nc3 b4 10. Na4 d6 11. Be3 Nbd7 12. f3 Nh5 13. Qd2 a5 14. Rac1 Nf4 15. Rfd1 Ne6 16. Qf2 Bg5 17. Bf1 Bxe3 18. Qxe3 Qc7 19. c5 dxc5 20. Nbxc5 Qa7 21. Qf2 Nd4 22. b3 Nxc5 23. Nxc5 Be6 24. Nxe6 fxe6 25. Bc4 Rf6 26. Rd3 Ne2+ 0-1